000 00422 a2200133 4500
005 20250710095200.0
020 _a9789976780734
082 _a510 NBA
111 _aThe National Board of Accountants and Auditors Tanzania
245 _aA1 Quantitative Techniques: Study Text
260 _aDar es salaam
_bThe National Board of Accountants and Auditors
_c2014
300 _a316p.; ill.; tables
_bIndex
_c28 cm
942 _2ddc
_cBKS
999 _c6640
_d6640